|
|
|
|
| LEADER |
00000cam a2200000Mu 4500 |
| 001 |
EBOOKCENTRAL_on1202452684 |
| 003 |
OCoLC |
| 005 |
20240329122006.0 |
| 006 |
m o d |
| 007 |
cr ||||||||||| |
| 008 |
201031s2017 pau o ||| 0 spa d |
| 040 |
|
|
|a EBLCP
|b eng
|c EBLCP
|d REDDC
|d OCLCF
|d OCLCQ
|d HF9
|d OCLCQ
|d OCLCO
|d OCLCL
|
| 020 |
|
|
|a 9788416781928
|
| 020 |
|
|
|a 8416781923
|
| 029 |
1 |
|
|a AU@
|b 000068485446
|
| 035 |
|
|
|a (OCoLC)1202452684
|
| 050 |
|
4 |
|a RD111
|b .M368 2017
|
| 082 |
0 |
4 |
|a 617.024
|2 23
|
| 049 |
|
|
|a UAMI
|
| 100 |
1 |
|
|a Freer, James.
|
| 245 |
1 |
0 |
|a Manual Washington de Procedimientos Clínicos
|h [electronic resource].
|
| 260 |
|
|
|a Philadelphia :
|b Wolters Kluwer,
|c 2017.
|
| 300 |
|
|
|a 1 online resource (63 p.)
|
| 336 |
|
|
|a text
|b txt
|2 rdacontent
|
| 337 |
|
|
|a unmediated
|b n
|2 rdamedia
|
| 338 |
|
|
|a volume
|b nc
|2 rdacarrier
|
| 500 |
|
|
|a Description based upon print version of record.
|
| 505 |
0 |
|
|a Intro -- Titlepage -- Copyright -- Colaboradores -- Prefacio -- Contenido -- Introducción -- 1 Cateterismo venoso central -- 2 Colocación de catéter en la arteria radial -- 3 Intubación endotraqueal -- 4 Punción lumbar -- 5 Paracentesis abdominal -- 6 Toracocentesis -- 7 Artrocentesis de rodilla
|
| 590 |
|
|
|a ProQuest Ebook Central
|b Ebook Central Academic Complete
|
| 650 |
|
0 |
|a Clinical medicine
|v Handbooks, manuals, etc.
|
| 650 |
|
0 |
|a Surgery, Minor
|v Handbooks, manuals, etc.
|
| 650 |
|
6 |
|a Petite chirurgie
|v Guides, manuels, etc.
|
| 650 |
|
7 |
|a Clinical medicine
|2 fast
|
| 650 |
|
7 |
|a Surgery, Minor
|2 fast
|
| 655 |
|
7 |
|a Handbooks and manuals
|2 fast
|
| 758 |
|
|
|i has work:
|a Manual Washington® de procedimientos clínicos (Text)
|1 https://id.oclc.org/worldcat/entity/E39PD33R7vtBHWdMcMvtkXRPW8
|4 https://id.oclc.org/worldcat/ontology/hasWork
|
| 776 |
0 |
8 |
|i Print version:
|a Freer, James
|t Manual Washington de Procedimientos Clínicos
|d Philadelphia : Wolters Kluwer,c2017
|z 9788416781256
|
| 856 |
4 |
0 |
|u https://ebookcentral.uam.elogim.com/lib/uam-ebooks/detail.action?docID=6359452
|z Texto completo
|
| 938 |
|
|
|a ProQuest Ebook Central
|b EBLB
|n EBL6359452
|
| 994 |
|
|
|a 92
|b IZTAP
|